000 01964cam a2200457 i 4500
001 17613673
003 NUST
005 20220516094419.0
008 130204s2012 pk abf 000 0aurd
010 _a 2013344100
025 _aP-U-2013344100; 28
037 _bLibrary of Congress -- Islamabad Overseas Office
_cRs 800
038 _aArshad
040 _aDLC
_beng
_cDLC
_erda
042 _alcode
_apcc
043 _aa-pk---
050 0 0 _aU55.A95
_bA3 2012
066 _c(3
_c(4
082 _a923.55
_bSHA
100 1 _aʻAzīz, Shāhid,
_d1948-
_93159
_6880-01
245 1 0 _aYih k̲h̲āmūshī kahān̲ tak? :
_bek sipāhī kī dāstān-i ʻishq va junūn̲ /
_cLaifṭīnanṭ Janral (reṭāʼirḍ) Shāhid ʻAzīz.
_6880-02
260 _6880-03
264 1 _aIslāmābād :
_bSeven Springs Publishers,
_c2012.
300 _a463, 15, 11 pages, 10 unnumbered pages of plates :
_billustrations (chiefly color), maps ;
_c25 cm
336 _atext
_2rdacontent
337 _aunmediated
_2rdamedia
338 _avolume
_2rdacarrier
520 _aAutobiography of a Pakistan Army officer; also includes Pakistan politics and government in 21st century.
546 _aIn Urdu.
563 _aPBK
600 1 0 _6880-04
_aʻAzīz, Shāhid,
_d1948-
_93159
610 1 0 _aPakistan.
_bArmy
_xOfficers
_vBiography.
_93160
650 0 _aSoldiers
_zPakistan
_vBiography.
_93161
651 0 _aPakistan
_xPolitics and government
_y21st century.
_91623
880 1 _6100-01(3\r
_a‏عزيز، شاهد،‏
_d‏1948-
880 1 0 _6245-02(3\r
_a‏يه خاموشى کهاں تک؟ :‏
_b‏ايک سپاهى کى داستان عشق و جنوں /‏
_c‏ليفٹيننٹ جنرل (ريٹائرڈ) شاهد عزيز.
880 _6260-02(3\r
_a‏اسلام‌آباد :‏
_b‏Seven Springs Publishers،‏
_c‏‫2012‬.
906 _a7
_bcbc
_corigode
_d3
_encip
_f20
_gy-nonroman
942 _2ddc
_cBK
999 _c330399
_d330399